| 000 | 01056cam a2200217 4500 | ||
|---|---|---|---|
| 001 | ABS63713 | ||
| 008 | 000000n2001 000 0 eng u | ||
| 035 | _a(Sirsi) u111515 | ||
| 100 | _aNorth, B. | ||
| 245 | _aOpening the doors on the portals | ||
| 260 | _c2001 | ||
| 490 |
_aEstate Agency News _v(165) March 2001, 22(1) |
||
| 520 | _aThere are now over 100 internet property portals on offer to estate agents, presenting them with a bewildering choice. In order to assist agents in the selection process, presents a summary of the findings of a survey of seven of the top portal sites: 08004homes, asserta, Fish4, move.co.uk, primelocation, propertyfinder and rightmove. Criteria used to compare the portals include: property findings, sample searches, membership information, marketing and promotion, site traffic figures, top 3 site features and top 3 frustrations. | ||
| 590 | _aABS | ||
| 650 | _aE-COMMERCE | ||
| 650 | _aPORTALS | ||
| 650 | _aCOMPARISONS | ||
| 650 | _aSURVEY | ||
| 690 | _aINFORMATION TECHNOLOGY-INTERNET | ||
| 942 | _n0 | ||
| 999 |
_c66455 _d66455 |
||